| 000 | 00606cam a2200205 4500500 | ||
|---|---|---|---|
| 005 | 20260405001742.0 | ||
| 041 | _afre | ||
| 042 | _adc | ||
| 100 | 1 | 0 |
_aEnjalbert, Cédric _eauthor |
| 245 | 0 | 0 | _aTaïkan Jyoji. Le Zen vient en se bottant les fesses |
| 260 | _c2014. | ||
| 500 | _a19 | ||
| 690 | _aBouddhisme | ||
| 690 | _aIgnorance | ||
| 690 | _aSavoir | ||
| 690 | _aTaïkan Jyoji | ||
| 690 | _aZen | ||
| 786 | 0 | _nPhilosophie magazine | 80 | 6 | 2014-06-01 | p. 3-3 | 1951-1787 | |
| 856 | 4 | 1 | _uhttps://shs.cairn.info/magazine-philosophie-magazine-2014-6-page-3?lang=fr&redirect-ssocas=7080 |
| 999 |
_c2050693 _d2050693 |
||